Study in the Netherlands 2003/2004

محفوظ في:
التفاصيل البيبلوغرافية
التنسيق: كتاب
اللغة:Undetermined
منشور في: The Hague, The Netherlands NUFFIC 2002
الموضوعات:
الوسوم: إضافة وسم
لا توجد وسوم, كن أول من يضع وسما على هذه التسجيلة!
Thư viện lưu trữ: Trung tâm Học liệu Trường Đại học Cần Thơ
LEADER 00447nam a2200157Ia 4500
001 CTU_52706
008 210402s9999 xx 000 0 und d
082 |a 378 
082 |b S933 
245 0 |a Study in the Netherlands 2003/2004 
260 |a The Hague, The Netherlands 
260 |b NUFFIC 
260 |c 2002 
650 |a education,universities and colleges 
650 |z the netherlands 
980 |a Trung tâm Học liệu Trường Đại học Cần Thơ